00567nam a22001697a 450000500170000001000230001702000260004003500140006603700090008008200110008924500540010025000060015426000490016027001190020930000200032850000490034820241211153849.0 aDEC24SC ENG-142977 a9789358705249c699.00 aEN-126509 bDBAD a54621 a104 NTA Papers of JEE Main Chemistry/cBy S Chand a1 aNew DelhibS Chand and Company Limitedc2024 a A-27, 2nd Floor, Mohan Co-operative Industrial EstatebNew Delhie110044minfo@schandpublishing.comk011-49731800 a666p.c26cm(pb) aChapter-wise Previous Years’ Solved Papers